000 nam a22 7a 4500
999 _c7690
_d7690
008 170928b xxu||||| |||| 00| 0 eng d
100 _94178
_aDhami.S.etal.
245 _aBiology-XI
260 _aNew Delhi
_bPradeep
_c2009